000
00335nam a2200133Ia 4500
008
240624s9999 xx 000 0 und d
041
_a
eng
082
_a
658.4012 HIT
100
_a
HITT
245
_a
STRATEGIC MANAGEMENT A SOUTH ASIAN PERSPECTIVE
250
_a
(9th ed.)
260
_a
New Delhi
_b
Cengage Learning
365
_c
RS
_b
27
999
_c
30854
_d
30854